01271cam a2200277 45000010008000000030009000080050017000170080041000340100017000750250019000920400028001110430012001390500018001510820018001692450204001872500013003912600052004043000063004565000016005195040029005355050305005646510020008696510025008897000051009147100028009651696224BDDh-ASL20231015030054.0840503m19649999ii ab b 000 0 eng  asa 65003169  aPL480:I-E-1559 aDLCcDLCdDLCdBDDh-ASL aa-ii---00aDS436.A1bH5200a954219bHIS 04aThe History and culture of the Indian people, Vol.-9, Part-1 : bBritish Paramountcy and Indian Renaissance / cGeneral editor: R. C. Majumdar. Assistant editors: A. D. Pusalker [and] A. K. Majumdar. a[2d ed.] aBombay: bBharatiya Vidya Bhavanc[1964-<77 > a<1, 4-5, 7-8, 10-11 >billus., maps (part fold.)c26 cm. aHalf title. aIncludes bibliographies.1 av. 1. The Vedic age. --v. 4. The age of imperial Kanauj.--v. 5. The struggle for empire. --v. 7. The Mughul empire.--v. 8. The Maratha supremacy. --v. 9. British paramountcy and Indian renaissance. Part 1 --v. 10. British paramountcy and Indian renaissance. Part 2.--v. 11. Struggle for freedom. 0aIndiaxHistory. 0aIndiaxCivilization.1 aMajumdar, R. C.q(Ramesh Chandra),d1888-1980.2 aBharatiya Vidya Bhavan.